<?xml version="1.0" encoding="UTF-8"?>
<record
    xmlns:xsi="http://www.w3.org/2001/XMLSchema-instance"
    xsi:schemaLocation="http://www.loc.gov/MARC21/slim http://www.loc.gov/standards/marcxml/schema/MARC21slim.xsd"
    xmlns="http://www.loc.gov/MARC21/slim">

  <leader>     nam a22     7a 4500</leader>
  <datafield tag="999" ind1=" " ind2=" ">
    <subfield code="c">52259</subfield>
    <subfield code="d">52259</subfield>
  </datafield>
  <controlfield tag="003">OSt</controlfield>
  <controlfield tag="005">20220613151039.0</controlfield>
  <controlfield tag="008">220613b        xxu||||| |||| 00| 0 eng d</controlfield>
  <datafield tag="040" ind1=" " ind2=" ">
    <subfield code="c">IIMT UNIVERSITY MEERUT</subfield>
  </datafield>
  <datafield tag="100" ind1=" " ind2=" ">
    <subfield code="a">PURYA , RAJENDER PRASAD</subfield>
  </datafield>
  <datafield tag="245" ind1=" " ind2=" ">
    <subfield code="a">DRAVYAGUNA MIMANSA VOL-1</subfield>
  </datafield>
  <datafield tag="250" ind1=" " ind2=" ">
    <subfield code="a">1 ST</subfield>
  </datafield>
  <datafield tag="260" ind1=" " ind2=" ">
    <subfield code="a">JAIPUR</subfield>
    <subfield code="b">SPH</subfield>
    <subfield code="c">2014</subfield>
  </datafield>
  <datafield tag="300" ind1=" " ind2=" ">
    <subfield code="a">424</subfield>
  </datafield>
  <datafield tag="942" ind1=" " ind2=" ">
    <subfield code="2">ddc</subfield>
    <subfield code="c">01</subfield>
  </datafield>
  <datafield tag="952" ind1=" " ind2=" ">
    <subfield code="0">0</subfield>
    <subfield code="1">0</subfield>
    <subfield code="2">ddc</subfield>
    <subfield code="4">0</subfield>
    <subfield code="7">0</subfield>
    <subfield code="a">30</subfield>
    <subfield code="b">30</subfield>
    <subfield code="d">2022-05-31</subfield>
    <subfield code="e">RAM</subfield>
    <subfield code="f">AYURVEDA</subfield>
    <subfield code="g">360.00</subfield>
    <subfield code="i">126</subfield>
    <subfield code="l">0</subfield>
    <subfield code="o">615.2 PUR</subfield>
    <subfield code="p">30-B-3945</subfield>
    <subfield code="r">2022-06-13</subfield>
    <subfield code="w">2022-06-13</subfield>
    <subfield code="y">01</subfield>
  </datafield>
  <datafield tag="952" ind1=" " ind2=" ">
    <subfield code="0">0</subfield>
    <subfield code="1">0</subfield>
    <subfield code="2">ddc</subfield>
    <subfield code="4">0</subfield>
    <subfield code="7">0</subfield>
    <subfield code="a">30</subfield>
    <subfield code="b">30</subfield>
    <subfield code="d">2022-05-31</subfield>
    <subfield code="e">RAM</subfield>
    <subfield code="f">AYURVEDA</subfield>
    <subfield code="g">360.00</subfield>
    <subfield code="i">126</subfield>
    <subfield code="l">0</subfield>
    <subfield code="o">615.2 PUR</subfield>
    <subfield code="p">30-B-3946</subfield>
    <subfield code="r">2022-06-13</subfield>
    <subfield code="w">2022-06-13</subfield>
    <subfield code="y">01</subfield>
  </datafield>
  <datafield tag="952" ind1=" " ind2=" ">
    <subfield code="0">0</subfield>
    <subfield code="1">0</subfield>
    <subfield code="2">ddc</subfield>
    <subfield code="4">0</subfield>
    <subfield code="7">0</subfield>
    <subfield code="a">30</subfield>
    <subfield code="b">30</subfield>
    <subfield code="d">2022-05-31</subfield>
    <subfield code="e">RAM</subfield>
    <subfield code="f">AYURVEDA</subfield>
    <subfield code="g">360.00</subfield>
    <subfield code="i">126</subfield>
    <subfield code="l">0</subfield>
    <subfield code="o">615.2 PUR</subfield>
    <subfield code="p">30-B-3947</subfield>
    <subfield code="r">2022-06-13</subfield>
    <subfield code="w">2022-06-13</subfield>
    <subfield code="y">01</subfield>
  </datafield>
  <datafield tag="952" ind1=" " ind2=" ">
    <subfield code="0">0</subfield>
    <subfield code="1">0</subfield>
    <subfield code="2">ddc</subfield>
    <subfield code="4">0</subfield>
    <subfield code="7">0</subfield>
    <subfield code="a">30</subfield>
    <subfield code="b">30</subfield>
    <subfield code="d">2022-05-31</subfield>
    <subfield code="e">RAM</subfield>
    <subfield code="f">AYURVEDA</subfield>
    <subfield code="g">360.00</subfield>
    <subfield code="i">126</subfield>
    <subfield code="l">0</subfield>
    <subfield code="o">615.2 PUR</subfield>
    <subfield code="p">30-B-3948</subfield>
    <subfield code="r">2022-06-13</subfield>
    <subfield code="w">2022-06-13</subfield>
    <subfield code="y">01</subfield>
  </datafield>
  <datafield tag="952" ind1=" " ind2=" ">
    <subfield code="0">0</subfield>
    <subfield code="1">0</subfield>
    <subfield code="2">ddc</subfield>
    <subfield code="4">0</subfield>
    <subfield code="7">0</subfield>
    <subfield code="a">30</subfield>
    <subfield code="b">30</subfield>
    <subfield code="d">2022-05-31</subfield>
    <subfield code="e">RAM</subfield>
    <subfield code="f">AYURVEDA</subfield>
    <subfield code="g">360.00</subfield>
    <subfield code="i">126</subfield>
    <subfield code="l">0</subfield>
    <subfield code="o">615.2 PUR</subfield>
    <subfield code="p">30-B-3949</subfield>
    <subfield code="r">2022-06-13</subfield>
    <subfield code="w">2022-06-13</subfield>
    <subfield code="y">01</subfield>
  </datafield>
  <datafield tag="952" ind1=" " ind2=" ">
    <subfield code="0">0</subfield>
    <subfield code="1">0</subfield>
    <subfield code="2">ddc</subfield>
    <subfield code="4">0</subfield>
    <subfield code="7">0</subfield>
    <subfield code="a">30</subfield>
    <subfield code="b">30</subfield>
    <subfield code="d">2022-05-31</subfield>
    <subfield code="e">RAM</subfield>
    <subfield code="f">AYURVEDA</subfield>
    <subfield code="g">360.00</subfield>
    <subfield code="i">126</subfield>
    <subfield code="l">0</subfield>
    <subfield code="o">615.2 PUR</subfield>
    <subfield code="p">30-B-3950</subfield>
    <subfield code="r">2022-06-13</subfield>
    <subfield code="w">2022-06-13</subfield>
    <subfield code="y">01</subfield>
  </datafield>
  <datafield tag="952" ind1=" " ind2=" ">
    <subfield code="0">0</subfield>
    <subfield code="1">0</subfield>
    <subfield code="2">ddc</subfield>
    <subfield code="4">0</subfield>
    <subfield code="7">0</subfield>
    <subfield code="a">30</subfield>
    <subfield code="b">30</subfield>
    <subfield code="d">2022-05-31</subfield>
    <subfield code="e">RAM</subfield>
    <subfield code="f">AYURVEDA</subfield>
    <subfield code="g">360.00</subfield>
    <subfield code="i">126</subfield>
    <subfield code="l">1</subfield>
    <subfield code="o">615.2 PUR</subfield>
    <subfield code="p">30-B-3951</subfield>
    <subfield code="r">2025-12-15</subfield>
    <subfield code="s">2025-12-15</subfield>
    <subfield code="w">2022-06-13</subfield>
    <subfield code="y">01</subfield>
  </datafield>
  <datafield tag="952" ind1=" " ind2=" ">
    <subfield code="0">0</subfield>
    <subfield code="1">0</subfield>
    <subfield code="2">ddc</subfield>
    <subfield code="4">0</subfield>
    <subfield code="7">0</subfield>
    <subfield code="a">30</subfield>
    <subfield code="b">30</subfield>
    <subfield code="d">2022-05-31</subfield>
    <subfield code="e">RAM</subfield>
    <subfield code="f">AYURVEDA</subfield>
    <subfield code="g">360.00</subfield>
    <subfield code="i">126</subfield>
    <subfield code="l">0</subfield>
    <subfield code="o">615.2 PUR</subfield>
    <subfield code="p">30-B-3952</subfield>
    <subfield code="r">2022-06-13</subfield>
    <subfield code="w">2022-06-13</subfield>
    <subfield code="y">01</subfield>
  </datafield>
  <datafield tag="952" ind1=" " ind2=" ">
    <subfield code="0">0</subfield>
    <subfield code="1">0</subfield>
    <subfield code="2">ddc</subfield>
    <subfield code="4">0</subfield>
    <subfield code="7">0</subfield>
    <subfield code="a">30</subfield>
    <subfield code="b">30</subfield>
    <subfield code="d">2022-05-31</subfield>
    <subfield code="e">RAM</subfield>
    <subfield code="f">AYURVEDA</subfield>
    <subfield code="g">360.00</subfield>
    <subfield code="i">126</subfield>
    <subfield code="l">0</subfield>
    <subfield code="o">615.2 PUR</subfield>
    <subfield code="p">30-B-3953</subfield>
    <subfield code="r">2022-06-13</subfield>
    <subfield code="w">2022-06-13</subfield>
    <subfield code="y">01</subfield>
  </datafield>
  <datafield tag="952" ind1=" " ind2=" ">
    <subfield code="0">0</subfield>
    <subfield code="1">0</subfield>
    <subfield code="2">ddc</subfield>
    <subfield code="4">0</subfield>
    <subfield code="7">0</subfield>
    <subfield code="a">30</subfield>
    <subfield code="b">30</subfield>
    <subfield code="d">2022-05-31</subfield>
    <subfield code="e">RAM</subfield>
    <subfield code="f">AYURVEDA</subfield>
    <subfield code="g">360.00</subfield>
    <subfield code="i">126</subfield>
    <subfield code="l">0</subfield>
    <subfield code="o">615.2 PUR</subfield>
    <subfield code="p">30-B-3954</subfield>
    <subfield code="r">2022-06-13</subfield>
    <subfield code="w">2022-06-13</subfield>
    <subfield code="y">01</subfield>
  </datafield>
</record>
